01099 2200241 4500001002100000005001500021035002000036007000300056008004100059020002200100082001300122084002200135100001600157245006200173300002900235650002400264520044800288264003100736336002100767337003000788338002300818990001600841INLIS00000000004306520210820123410 a0010-0821000276ta210820 d 0 ind  a978-602-289-015-7 a338.4791 aSR 338.4791 NUR p0 aNurdiyansah1 aPeluang dan tantangan pariwisata Indonesia /cNurdiyansah avi, 150 halaman ;c24 cm 4aIndustri Pariwisata aPada buku ini, penulis memaparkan variasi isu kontemporer yang merupakan peluang dan tantangan bagi keberlangsungan industri pariwisata di masa depan. Berbagai topik dipaparkan dengan contoh kasus dan perspektif yang pula beragam, mulai dari isu konservasi warisan budaya, perubahan iklim, tren wisatawan muda, kemiskinan, bencana, prostitusi, wisata kuliner, persinggungan jurnalisme dan promosi, hingga pengaruh internet maupun media sosial. aBandung :bAlfabeta,c2019 2rdacontentaTeks 2rdamediaaTanpa perantara 2rdacarrieraVolume a47944/60764